Логистический менеджмент: учебник

Bibliografski detalji
Glavni autor: Николайчук В. Е. Валерий Евстафьевич
Sažetak:В учебнике систематизированно изложены теоретические основы управления материальными, информационными, денежными и иными потоками в сферах обращения и производства. Особое внимание уделяется вопросам формирования логистических систем на макро- и микроуровнях, методологическим аспектам логистического менеджмента на различных этапах воспроизводственного процесса. Рассматриваются также проблемы и методы управления материальными потоками в сфере обращения на этапе заготовки материальных ресурсов и в сфере производства. Особое внимание уделяется вопросам управления поставками, регулирования запасов, технологической маршрутизации материальных потоков в производственном процессе. Все разделы содержат контрольные вопросы для самопроверки. Для студентов, аспирантов, преподавателей вузов экономического профиля, практических работников сферы товарного обращения и коммерческих служб промышленных предприятий.
Jezik:ruski
Izdano: Москва, Дашков и К, 2010
Izdanje:2-е изд.
Teme:
Format: MixedMaterials Knjiga
KOHA link:https://koha.lib.tpu.ru/cgi-bin/koha/opac-detail.pl?biblionumber=180393

MARC

LEADER 00000nam0a2200000 4500
001 180393
005 20231101223538.0
010 |a 9785394008115 
035 |a (RuTPU)RU\TPU\book\195546 
035 |a RU\TPU\book\155889 
090 |a 180393 
100 |a 20080924d2010 m y0rusy50 ca 
101 0 |a rus 
102 |a RU 
105 |a y j 001zy 
200 1 |a Логистический менеджмент  |e учебник  |f В. Е. Николайчук 
205 |a 2-е изд. 
210 |a Москва  |c Дашков и К  |d 2010 
215 |a 980 с. 
320 |a Библиогр.: с. 975-979. 
330 |a В учебнике систематизированно изложены теоретические основы управления материальными, информационными, денежными и иными потоками в сферах обращения и производства. Особое внимание уделяется вопросам формирования логистических систем на макро- и микроуровнях, методологическим аспектам логистического менеджмента на различных этапах воспроизводственного процесса. Рассматриваются также проблемы и методы управления материальными потоками в сфере обращения на этапе заготовки материальных ресурсов и в сфере производства. Особое внимание уделяется вопросам управления поставками, регулирования запасов, технологической маршрутизации материальных потоков в производственном процессе. Все разделы содержат контрольные вопросы для самопроверки. Для студентов, аспирантов, преподавателей вузов экономического профиля, практических работников сферы товарного обращения и коммерческих служб промышленных предприятий. 
606 1 |a Логистика  |x Логистические стратегии  |2 stltpush  |3 (RuTPU)RU\TPU\subj\36364  |9 57772 
610 1 |a методология 
610 1 |a концепции 
610 1 |a материальные потоки 
610 1 |a информационные потоки 
610 1 |a логистические системы 
610 1 |a логистический менеджмент 
610 1 |a логистические риски 
610 1 |a функциональная логистика 
610 1 |a заготовительная логистика 
610 1 |a производственная логистика 
610 1 |a распределительная логистика 
610 1 |a транспортная логистика 
610 1 |a складское хозяйство 
610 1 |a транспортно-складские системы 
610 1 |a трансформационные процессы 
610 1 |a учебники 
686 |a У9(2)40я73  |v LBC/SL-A  |2 rubbk 
700 1 |a Николайчук  |b В. Е.  |g Валерий Евстафьевич 
801 1 |a RU  |b 63413507  |c 20100514 
801 2 |a RU  |b 63413507  |c 20110620  |g RCR 
900 |a Функциональная логистика 
942 |c BK 
959 |a 31/20100513  |d 1  |e 385,00  |f ЧЗГЛ:1